Statistics for Top Boxers of the 2000's

Click here to take the quiz!

General Stats

  • This quiz has been taken 1,195 times
  • The average score is 46 of 100

Answer Stats

HintAnswer% Correct
2000 #7 | 2001 #5 | 2002 #8 | +6 othersFloyd Mayweather
97%
2003 #6 | 2004 #5 | 2005 #5 | +4 othersManny Pacquiao
78%
2000 #4 | 2001 #7 | 2002 #5 | 2003 #4Oscar De La Hoya
74%
2002 #9Lennox Lewis
70%
2002 #2 | 2003 #1Roy Jones Jr.
68%
2000 #3 | 2001 #3Roy Jones Jr
68%
2000 #8Lennox Lewis
66%
2005 #4 | 2006 #8 | 2007 #8 | 2008 #10Ricky Hatton
59%
2000 #10 | 2001 #2 | 2002 #1 | +6 othersBernard Hopkins
55%
2004 #6 | 2005 #7 | 2007 #3 | +2 othersJuan Manuel Marquez
47%
2007 #7 | 2008 #8 | 2009 #7Miguel Cotto
45%
2005 #8 | 2006 #7 | 2007 #10 | 2008 #7Rafael Marquez
45%
2006 #10 | 2007 #5 | 2008 #3Joe Calzaghe
43%
2000 #1 | 2001 #1 | 2002 #10 | +2 othersShane Mosley
43%
2001 #4 | 2002 #3 | 2004 #7 | +2 othersMarco Antonio Barrera
40%
2000 #9 | 2001 #10 | 2002 #7 | +3 othersErik Morales
35%
2000 #2 | 2001 #6Felix Trinidad
32%
2000 #6Naseem Hamed
27%
2008 #6Antonio Margarito
22%
2003 #10 | 2004 #10Antonio Tarver
20%
2000 #5Diego Corrales
20%
2003 #9James Toney
20%
2006 #4Jermain Taylor
18%
2005 #10Zab Judah
18%
2005 #9 | 2006 #9Jose Luis Castillo
17%
2001 #9 | 2002 #6 | 2003 #7 | 2004 #3Kostya Tszyu
16%
2004 #4 | 2005 #2 | 2006 #3 | 2007 #9Ronald (Winky) Wright
15%
2004 #9Glen Johnson
13%
2009 #6Nonito Donaire
13%
2009 #10Paul Williams
13%
2001 #8Ricardo Lopez
11%
2007 #6 | 2008 #5Israel Vazquez
10%
2002 #4Vernon Forrest
10%
2009 #9Chad Dawson
6%
2008 #9Ivan Calderon
3%
2009 #8Celestino Caballero
2%

Score Distribution

Percentile by Number Answered

Percent of People with Each Score

Your Score History

You have not taken this quiz